|
|
|
|
| LEADER |
02262nam a2200637 i 4500 |
| 001 |
nkc20233546357 |
| 003 |
CZ PrNK |
| 005 |
20231107104355.0 |
| 007 |
ta |
| 008 |
230906s2023 xr ac e c 000 0dcze |
| 015 |
|
|
|a cnb003546357
|
| 020 |
|
|
|a 978-80-7485-274-9
|q (vázáno) :
|c Kč 999,00
|
| 035 |
|
|
|a (OCoLC)1408817369
|
| 040 |
|
|
|a OLA001
|b cze
|d BOA001
|e rda
|
| 041 |
0 |
|
|a cze
|b eng
|
| 043 |
|
|
|a e-xr---
|
| 045 |
|
|
|a x7y2
|
| 072 |
|
7 |
|a 75
|x Malířství
|2 Konspekt
|9 21
|
| 080 |
|
|
|a 75(437.3)
|2 MRF
|
| 080 |
|
|
|a 75.036/.038
|2 MRF
|
| 080 |
|
|
|a (437.3)
|2 MRF
|
| 080 |
|
|
|a (048.8)
|2 MRF
|
| 080 |
|
|
|a (083.82)
|2 MRF
|
| 100 |
1 |
|
|a Půtová, Barbora,
|d 1985-
|7 jx20110126018
|4 aut
|4 trl
|
| 245 |
1 |
0 |
|a Jaroslav Róna :
|b apokalypsy a vize = apocalypses and visions /
|c Barbora Půtová
|
| 246 |
3 |
0 |
|a Apokalypsy a vize
|
| 246 |
3 |
0 |
|a Apocalypses and visions
|
| 246 |
1 |
4 |
|a Róna
|
| 250 |
|
|
|a První vydání
|
| 264 |
|
1 |
|a Brno :
|b Books & Pipes,
|c 2023
|
| 300 |
|
|
|a 351 stran :
|b ilustrace (převážně barevné), portréty ;
|c 32 cm
|
| 336 |
|
|
|a text
|b txt
|2 rdacontent
|
| 336 |
|
|
|a statický obraz
|b sti
|2 rdacontent
|
| 337 |
|
|
|a bez média
|b n
|2 rdamedia
|
| 338 |
|
|
|a svazek
|b nc
|2 rdacarrier
|
| 500 |
|
|
|a Chronologický přehled
|
| 504 |
|
|
|a Obsahuje bibliografii a bibliografické odkazy
|
| 546 |
|
|
|a Anglické resumé
|
| 600 |
1 |
7 |
|a Róna, Jaroslav,
|d 1957-
|7 jn19990009972
|2 czenas
|
| 648 |
|
4 |
|a 1976-2023
|
| 648 |
|
7 |
|a 20.-21. století
|7 ch462155
|2 czenas
|
| 650 |
0 |
7 |
|a české malířství
|7 ph116864
|y 20.-21. století
|2 czenas
|
| 650 |
0 |
7 |
|a moderní malířství
|7 ph122940
|z Česko
|2 czenas
|
| 650 |
0 |
9 |
|a Czech painting
|y 20th-21st centuries
|2 eczenas
|
| 650 |
0 |
9 |
|a modern painting
|z Czechia
|2 eczenas
|
| 655 |
|
7 |
|a monografie
|7 fd132842
|2 czenas
|
| 655 |
|
7 |
|a katalogy
|7 fd132535
|2 czenas
|
| 655 |
|
9 |
|a monographs
|2 eczenas
|
| 655 |
|
9 |
|a catalogs
|2 eczenas
|
| 700 |
1 |
|
|a Róna, Jaroslav,
|d 1957-
|7 jn19990009972
|4 ill
|
| 910 |
2 |
|
|a BOA001
|b 4-1513.687
|
| 990 |
|
|
|a BK
|
| 995 |
|
|
|a 01
|
| 991 |
|
|
|b 202309
|c NOV
|
| 996 |
6 |
|
|b 2610948392
|c 4-1513.687
|l MZK
|r Sklad / do 1 hodiny
|n 0
|p p.v.
|w 001938588
|u 000010
|a 1
|e BOA001
|j MZK50
|s P
|
| 996 |
7 |
|
|b 2610948393
|c 4-1513.687
|l MZK
|r Sklad / do 1 hodiny
|n 1
|p p.v.
|w 001938588
|u 000020
|a 1
|e BOA001
|j MZK50
|s A
|